000 00760nam a2200241Ia 4500
003 OSt
005 20221005133630.0
006 a|||||r|||| 00| 0
007 ta
008 221004b |||||||| |||| 00| 0 hin d
024 _a23754
037 _cTextual
040 _aCRL
_cCRL
_bhin
041 _2hin
_ahin
082 _aO152,3N47,Rk, N4
100 _aवंद्योपाध्याय, प्रणवकुमार
245 0 _aरूहेलों का देश
246 _aRūheloan kā desha
260 _c1994
650 _aहिन्दी साहित्य
942 _hO152,3N47,Rk, N4
_cTEXL
_2cc
999 _c1067386
_d1067386